000 00713nam a22002417a 4500
999 _c33686
_d33686
001 2963
003 CO-MdFUSB
005 20180622073126.0
008 180418t1983 xxu||||| |||| 00| 0 eng d
020 _a0-310-45183-3
040 _aCO-MdFUSB
_bspa
_cCO-MdFUSB
_dCO-MdFUSBC
_erda
041 0 _aeng
082 0 4 _aG 227.87 M8751h
100 1 _aMorris, Leon (1914-)
_eautor
245 1 0 _aHebrews
_b: Bible study commentary
_c/ León Morris
264 4 _aGrand Rapids, Michigan :
_b Lampligther,
_c©1983
300 _a137 Pag.
336 _2rdacontent
_atexto
_btxt
337 _2rdamedia
_asin mediación
_bn
338 _2rdacarrier
_avolumen
_bnc
653 _aBiblia N.T. - Hebreos - Comentarios
942 _cBK